[Event "Flint (Class A/2)"]
[Site "?"]
[Date "1990.??.??"]
[Round "?"]
[White "Mellen, Steve"]
[Black "Scott, Steven"]
[Result "1/2-1/2"]
[WhiteElo "1940"]
[BlackElo "1925"]
[PlyCount "46"]
[EventDate "1990.??.??"]

1. Nf3 Nf6 2. g3 g6 3. Bg2 Bg7 4. O-O O-O 5. d3 d5 6. Nbd2 Nbd7 7. e4 dxe4 8.
dxe4 e5 9. Qe2 Qe7 10. b3 c5 11. Bb2 b6 12. Rfe1 Bb7 13. Nc4 Ba6 14. Nfxe5 Nxe5
15. Bxe5 Rad8 16. Bxf6 Bxf6 17. Rad1 Qe6 18. e5 Bxc4 19. bxc4 Rxd1 20. Qxd1
Bxe5 21. Qe2 Re8 22. Bd5 Qf6 23. Kh1 Re7 1/2-1/2

[Event "Lansing (Mini-Swiss.1/2)"]
[Site "?"]
[Date "1990.??.??"]
[Round "?"]
[White "Mellen, Steve"]
[Black "Schoonmaker, John"]
[Result "0-1"]
[WhiteElo "1900"]
[BlackElo "1970"]
[PlyCount "94"]
[EventDate "1990.??.??"]

{1/(2)} 1. Nf3 d5 2. g3 Bg4 3. Bg2 c6 4. O-O Nf6 5. d3 e6 6. Nbd2 Be7 7. h3 Bh5
8. e4 O-O 9. Qe2 Nbd7 10. e5 Ne8 11. g4 Bg6 12. Nh2 a5 13. Kh1 a4 14. f4 h6 15.
Ndf3 a3 16. b3 b5 17. f5 exf5 18. gxf5 Bh5 19. Ng4 Bxg4 20. hxg4 f6 21. Nd4
Nxe5 22. Ne6 Qc8 23. Nxf8 Bxf8 24. d4 Nf7 25. Rf3 Nc7 26. Rc3 Qd7 27. Bf4 Bb4
28. Re3 Ng5 29. c3 Bd6 30. Bxd6 Qxd6 31. Rd1 Kh7 32. c4 bxc4 33. bxc4 dxc4 34.
Qxc4 Qf4 35. Qe2 Nd5 36. Rb3 Ra7 37. Rf1 Qxd4 38. Rb8 Re7 39. Bxd5 Qxd5+ 40.
Qg2 Qd3 41. Rb3 Qc4 42. Rf2 Re1+ 43. Kh2 Ne4 44. Rc2 Qd5 45. Re2 Qe5+ 46. Kh3
Ng5+ 47. Kh4 Rxe2 0-1

[Event "Lansing (MI Am/4/12)"]
[Site "?"]
[Date "1990.??.??"]
[Round "?"]
[White "Mellen, Steve"]
[Black "McCarter, Robert"]
[Result "0-1"]
[WhiteElo "1915"]
[BlackElo "1705"]
[PlyCount "100"]
[EventDate "1990.??.??"]

{4/(12)} 1. Nf3 Nf6 2. g3 c6 3. Bg2 d5 4. O-O Bg4 5. c4 Bxf3 6. Bxf3 e6 7. cxd5
exd5 8. d4 Bd6 9. Nc3 O-O 10. Rb1 Re8 11. b4 Nbd7 12. b5 Nb6 13. bxc6 bxc6 14.
Qd3 a5 15. Bg5 Be7 16. Rfe1 Nbd7 17. e4 dxe4 18. Nxe4 Ne5 19. Qe2 Nxf3+ 20.
Qxf3 Nxe4 21. Bxe7 Qxe7 22. Kg2 Qe6 23. Re2 Qd5 24. Rb6 Nc3 25. Qxd5 cxd5 26.
Rc2 Ne4 27. Rb5 Nf6 28. Rbc5 g6 29. f3 Re3 30. Rc6 Kg7 31. Rd6 Ra3 32. g4 h5
33. g5 Nh7 34. Rxd5 Ra7 35. h4 f6 36. Rdc5 fxg5 37. hxg5 Rf7 38. Rf2 Nf8 39. d5
Rf5 40. f4 Ra4 41. Kg3 Ne6 42. Rb5 Nxf4 43. Rb7+ Kf8 44. d6 Ra3+ 45. Kh2 Rh3+
46. Kg1 Rxg5+ 47. Rg2 Rxg2+ 48. Kf1 Rxa2 49. Kg1 Ne2+ 50. Kf2 Nf4+ 0-1

[Event "Flint (Class A/1)"]
[Site "?"]
[Date "1990.??.??"]
[Round "?"]
[White "Mellen, Steve"]
[Black "Kung, Fred"]
[Result "0-1"]
[WhiteElo "1940"]
[BlackElo "1845"]
[PlyCount "130"]
[EventDate "1990.??.??"]

1. Nf3 d5 2. d4 e6 3. e3 c5 4. c3 Nf6 5. Bd3 Nc6 6. Nbd2 cxd4 7. exd4 g6 8. O-O
Bg7 9. Re1 O-O 10. Nf1 Qc7 11. h3 Nd7 12. Bc2 b5 13. a3 a5 14. Qe2 Bb7 15. g3
b4 16. axb4 axb4 17. Bf4 Qb6 18. Qe3 Rfc8 19. Bh6 Bh8 20. N1h2 e5 21. Rxa8 Rxa8
22. Ng5 bxc3 23. bxc3 e4 24. Qf4 Nd8 25. f3 f6 26. Ng4 fxg5 27. Bxg5 Nf7 28.
Rb1 Qc6 29. Be7 Qxc3 30. Rxb7 Bxd4+ 31. Kf1 Ra1+ 32. Rb1 Rxb1+ 33. Bxb1 e3 34.
Nf6+ Bxf6 35. Bxf6 Qxf6 36. Qxe3 Qe5 37. Qf2 d4 38. Be4 Nc5 39. Bc6 Qe3 40.
Qxe3 dxe3 41. Ke2 Ne5 42. Bd5+ Kg7 43. Kxe3 Ncd7 44. f4 Nf7 45. g4 Kf6 46. f5
gxf5 47. gxf5 Nh6 48. Kf4 Nb6 49. Be4 Nc8 50. Bc2 Nd6 51. Bd3 Nhxf5 52. h4 h6
53. Kg4 Ke5 54. Kh5 Kf4 55. Bc2 Ne4 56. Kg6 Neg3 57. Bd1 Nf1 58. Bh5 N1e3 59.
Be2 Ng2 60. h5 Ngh4+ 61. Kf6 Ng3 62. Bd1 Ne4+ 63. Ke6 Kg5 64. Ke5 Ng3 65. Kd4
Nhf5+ 0-1

[Event "Lansing (MI Am/2/24)"]
[Site "?"]
[Date "1990.??.??"]
[Round "?"]
[White "Mellen, Steve"]
[Black "Kempner, R."]
[Result "1-0"]
[WhiteElo "1915"]
[BlackElo "1605"]
[PlyCount "63"]
[EventDate "1990.??.??"]

{2/(24)} 1. Nf3 g6 2. g3 Bg7 3. Bg2 e5 4. d3 d5 5. O-O c5 6. e4 d4 7. a4 a5 8.
Na3 Bg4 9. Qe1 Bxf3 10. Bxf3 Ne7 11. Bg2 Nbc6 12. Nc4 O-O 13. f4 f6 14. Bh3 Nb4
15. Qe2 Ra6 16. Rd1 Kh8 17. c3 Nbc6 18. Be6 Qc7 19. Na3 Nd8 20. Nb5 Qb8 21. Bc4
Rb6 22. h4 f5 23. fxe5 Qxe5 24. Bf4 Qf6 25. Bc7 Rc6 26. e5 Re6 27. exf6 Rxe2
28. fxe7 Rxe7 29. Bd6 Rfe8 30. Bxe7 Rxe7 31. Re1 Re3 32. Kf2 1-0

[Event "Lansing (Jan)"]
[Site "?"]
[Date "1990.??.??"]
[Round "?"]
[White "Mellen, Steve"]
[Black "Jarosz, Stan"]
[Result "0-1"]
[WhiteElo "1910"]
[BlackElo "2140"]
[PlyCount "54"]
[EventDate "1990.??.??"]

1. Nf3 d5 2. d4 Nf6 3. e3 Bf5 4. c4 e6 5. Nc3 c6 6. Qb3 Qc8 7. Bd2 Nbd7 8. Rc1
Qb8 9. Be2 Bd6 10. O-O h6 11. h3 O-O 12. cxd5 exd5 13. Na4 Re8 14. Bb4 Bc7 15.
Nc5 Nxc5 16. dxc5 Ne4 17. Nd4 Bd7 18. Bd3 Qc8 19. Qc2 Bxh3 20. Bxe4 Rxe4 21.
gxh3 Qxh3 22. f3 Re5 23. f4 Rxe3 24. Rf2 Bxf4 25. Nf5 Re4 26. Bd2 Qxf5 27. Bxf4
Qg4+ 0-1

[Event "Detroit (MOR/6/53)"]
[Site "?"]
[Date "1990.??.??"]
[Round "?"]
[White "Mech, R."]
[Black "Venia, Matt"]
[Result "1-0"]
[WhiteElo "1605"]
[BlackElo "1605"]
[PlyCount "49"]
[EventDate "1990.??.??"]

{6/(53)} 1. e4 e5 2. f4 exf4 3. Nf3 Nf6 4. e5 Ne4 5. d4 d6 6. Bd3 Bf5 7. Bxf4
dxe5 8. Bxe5 Nc6 9. Qe2 Nxe5 10. dxe5 Qd5 11. O-O Bc5+ 12. Kh1 O-O 13. Nh4 Be6
14. Bxe4 Qxe5 15. Bxh7+ Kh8 16. Qxe5 Kxh7 17. Nc3 Rfe8 18. Qxc5 b6 19. Qxc7
Rac8 20. Qg3 Red8 21. Nf3 Bf5 22. Ng5+ Kg8 23. Rxf5 g6 24. h3 gxf5 25. Ne6+ 1-0

[Event "Detroit (MOR/1b/22)"]
[Site "?"]
[Date "1990.??.??"]
[Round "?"]
[White "Mech, R."]
[Black "Thomas, Henry"]
[Result "0-1"]
[WhiteElo "1605"]
[BlackElo "1605"]
[PlyCount "46"]
[EventDate "1990.??.??"]

1. e4 e5 2. Nf3 Nf6 3. Nxe5 d6 4. Nf3 Nxe4 5. d4 d5 6. Bd3 Bd6 7. O-O O-O 8.
Re1 f5 9. Nc3 c6 10. Qe2 Nd7 11. Bxe4 fxe4 12. Ng5 Qf6 13. Be3 Nb6 14. f3 h6
15. Nh3 Bxh3 16. gxh3 Qxf3 17. Qxf3 Rxf3 18. b3 Rxh3 19. Kg2 Rxh2+ 20. Kf1 Rf8+
21. Kg1 Rf6 22. Re2 Rg6+ 23. Kf1 Rh1+ 0-1

[Event "Detroit (MOR/3/58)"]
[Site "?"]
[Date "1990.??.??"]
[Round "?"]
[White "Mech, R."]
[Black "Shields, B."]
[Result "0-1"]
[WhiteElo "1605"]
[BlackElo "1605"]
[PlyCount "55"]
[EventDate "1990.??.??"]

{3/(58)} 1. e4 c5 2. Nf3 e6 3. d4 cxd4 4. Nxd4 Nc6 5. c4 Qa5+ 6. Nc3 Nf6 7. Nb3
Qc7 8. Nb5 Qe5 9. f4 Qxe4+ 10. Qe2 Bb4+ 11. Nd2 Qxf4 12. g3 Qe4 13. Qxe4 Nxe4
14. Nc7+ Kd8 15. Nxa8 Nd4 16. Bd3 Nc5 17. Bb1 b5 18. a3 Bxd2+ 19. Bxd2 Nf3+ 20.
Ke2 Nxd2 21. Kxd2 Nb3+ 22. Kc3 Nxa1 23. cxb5 Bb7 24. Be4 Bxe4 25. Rxa1 Bxa8 26.
a4 Ke7 27. a5 Rc8+ 28. Kb4 0-1

[Event "Detroit (MOR/4/58)"]
[Site "?"]
[Date "1990.??.??"]
[Round "?"]
[White "Mech, R."]
[Black "Shelters, Richard"]
[Result "1-0"]
[WhiteElo "1605"]
[BlackElo "1605"]
[PlyCount "105"]
[EventDate "1990.??.??"]

{4/(58)} 1. e4 e5 2. f4 exf4 3. Nf3 Nf6 4. e5 Qe7 5. Bc4 Nc6 6. Qe2 Ng4 7. d4
f6 8. Bxf4 fxe5 9. dxe5 h6 10. h3 g5 11. Bg3 Ngxe5 12. Nxe5 Rh7 13. Nxc6 Qxe2+
14. Bxe2 dxc6 15. Bh5+ Kd8 16. O-O Bc5+ 17. Kh1 Bd6 18. Bxd6 cxd6 19. Rf8+ Kc7
20. Rf7+ Rxf7 21. Bxf7 Bf5 22. Bb3 Re8 23. Nc3 h5 24. Rf1 Re5 25. Ne2 g4 26.
Nd4 Bd7 27. hxg4 Bxg4 28. Rf7+ Kb6 29. Nf3 Re3 30. Rf6 Kc5 31. Kh2 d5 32. Rf7
Kb6 33. Kg3 Re2 34. Nh2 Be6 35. Re7 a5 36. Nf3 Re4 37. Ng5 Rg4+ 38. Kf3 Bc8 39.
Ne4 dxe4+ 40. Rxe4 Bf5 41. Rxg4 Bxg4+ 42. Kg3 Kc5 43. Bf7 a4 44. Kh4 b5 45.
Bxh5 Bxh5 46. Kxh5 b4 47. g4 Kc4 48. g5 b3 49. axb3+ axb3 50. cxb3+ Kxb3 51. g6
c5 52. g7 c4 53. g8=Q 1-0

[Event "Detroit (RVO/2)"]
[Site "?"]
[Date "1990.??.??"]
[Round "?"]
[White "McIntosh, S."]
[Black "Turner, George"]
[Result "0-1"]
[WhiteElo "1755"]
[BlackElo "2075"]
[PlyCount "70"]
[EventDate "1990.??.??"]

1. d4 Nf6 2. c4 g6 3. Nc3 Bg7 4. g3 O-O 5. Bg2 d6 6. Nf3 c6 7. O-O Nbd7 8. e4
e5 9. Bg5 h6 10. Be3 Ng4 11. Re1 Nxe3 12. Rxe3 exd4 13. Nxd4 Ne5 14. Qb3 Qb6
15. Rd1 Qc5 16. Bf1 Ng4 17. Red3 Be6 18. R3d2 Bxd4 19. Rxd4 b5 20. Qc2 bxc4 21.
Rxd6 Rac8 22. Na4 Qh5 23. h4 g5 24. Be2 gxh4 25. Bxg4 Qxg4 26. Qc3 Qxe4 27.
R6d4 Qg6 28. Rxh4 Rcd8 29. Rxd8 Rxd8 30. Qe3 Rd1+ 31. Kh2 Bd5 32. f3 Qc2+ 33.
Kh3 Rh1+ 34. Kg4 Qg6+ 35. Kf4 Qg5# 0-1

[Event "Lansing (Apr)"]
[Site "?"]
[Date "1990.??.??"]
[Round "?"]
[White "McIntosh, S."]
[Black "Sundeen, David"]
[Result "1/2-1/2"]
[WhiteElo "1720"]
[BlackElo "1725"]
[PlyCount "56"]
[EventDate "1990.??.??"]

1. e4 e5 2. Nf3 Nf6 3. Nxe5 d6 4. Nf3 Nxe4 5. d4 d5 6. Bd3 Nc6 7. O-O Be7 8.
Bf4 O-O 9. c4 Nf6 10. Nc3 Be6 11. b3 dxc4 12. bxc4 Bg4 13. d5 Nb4 14. Be2 Bd6
15. Bg5 Bxf3 16. Bxf3 Be5 17. Qb3 Qd6 18. g3 Na6 19. Rad1 Nc5 20. Qc2 Qd7 21.
Rfe1 Rfe8 22. Re2 h6 23. Bxf6 Bxf6 24. Rde1 Rxe2 25. Rxe2 Re8 26. Ne4 Nxe4 27.
Rxe4 Rxe4 28. Qxe4 Qe7 1/2-1/2

[Event "Detroit (RVO/4)"]
[Site "?"]
[Date "1990.??.??"]
[Round "?"]
[White "McIntosh, S."]
[Black "Repkin, Victor"]
[Result "1/2-1/2"]
[WhiteElo "1755"]
[BlackElo "2090"]
[PlyCount "145"]
[EventDate "1990.??.??"]

1. d4 e6 2. c4 f5 3. g3 Nf6 4. Bg2 d5 5. Nf3 Bd6 6. O-O O-O 7. b3 Qe7 8. c5
Bxc5 9. dxc5 Qxc5 10. Ba3 Qa5 11. Bxf8 Kxf8 12. Qd2 Qc5 13. Rc1 Qd6 14. Nc3 c6
15. e3 Nbd7 16. Na4 e5 17. Rc2 e4 18. Nd4 Ne5 19. f3 exf3 20. Nxf3 Ne4 21. Qe2
Ng4 22. Nc3 Qh6 23. Nxe4 fxe4 24. Nh4 Nxe3 25. Rc3 d4 26. Rxe3 dxe3 27. Bxe4
Bh3 28. Re1 Rd8 29. Qxe3 Qxe3+ 30. Rxe3 Rd2 31. a3 g5 32. Bg2 Rd1+ 33. Kf2 Bxg2
34. Nxg2 Rh1 35. h4 gxh4 36. Nxh4 Ra1 37. a4 b5 38. axb5 cxb5 39. b4 Ra4 40.
Rb3 Kf7 41. Nf5 Kf6 42. Nd4 a6 43. Kf3 h5 44. Nc2 a5 45. bxa5 Rxa5 46. Nd4 h4
47. gxh4 Ra4 48. Ke4 Kg6 49. Rxb5 Ra1 50. Kf4 Rh1 51. Nf3 Ra1 52. Ne5+ Kh5 53.
Nf3+ Kg6 54. Re5 Ra4+ 55. Re4 Ra1 56. Kg4 Ra6 57. Rc4 Re6 58. h5+ Kh6 59. Nh4
Re1 60. Nf5+ Kh7 61. Kg5 Rg1+ 62. Rg4 Ra1 63. Rb4 Rg1+ 64. Kf6 Rh1 65. h6 Rh2
66. Rb7+ Kh8 67. Rb6 Kh7 68. Kf7 Rf2 69. Kf6 Rh2 70. Rb7+ Kh8 71. h7 Rh6+ 72.
Kg5 Rh5+ 73. Kf6 1/2-1/2

[Event "Lansing (MI Am/1/39)"]
[Site "?"]
[Date "1990.??.??"]
[Round "?"]
[White "McIntosh, S."]
[Black "Overby, Glenn"]
[Result "1-0"]
[WhiteElo "1720"]
[BlackElo "1605"]
[PlyCount "59"]
[EventDate "1990.??.??"]

{1/(39)} 1. d4 a6 2. e4 e6 3. Bd3 b5 4. Nf3 c5 5. c3 Bb7 6. O-O Nf6 7. Bg5 Be7
8. Nbd2 d6 9. Qe2 O-O 10. a4 h6 11. Bxf6 Bxf6 12. axb5 axb5 13. Bxb5 Rxa1 14.
Rxa1 cxd4 15. Nxd4 e5 16. Nf5 Bc6 17. Bxc6 Nxc6 18. Qd3 Be7 19. Ra6 Nb8 20.
Nxe7+ Qxe7 21. Rxd6 Qg5 22. h3 Rc8 23. b4 Nc6 24. Nb3 Nd4 25. cxd4 exd4 26.
Rxd4 Rb8 27. Qc3 Qe7 28. Qc5 Qe6 29. Qd5 Qb6 30. Nc5 1-0

[Event "Lansing (MI Am/5/24)"]
[Site "?"]
[Date "1990.??.??"]
[Round "?"]
[White "McIntosh, S."]
[Black "Needleman, Andrew"]
[Result "1-0"]
[WhiteElo "1720"]
[BlackElo "1605"]
[PlyCount "113"]
[EventDate "1990.??.??"]

{5/(24)} 1. d4 c6 2. c4 d5 3. Nf3 Nf6 4. Nc3 e6 5. Bg5 Be7 6. e3 O-O 7. Bd3
Nbd7 8. O-O Qc7 9. Rc1 dxc4 10. Bxc4 e5 11. d5 cxd5 12. Nxd5 Nxd5 13. Bxd5 Qd8
14. Bxe7 Qxe7 15. Rc7 Qb4 16. Qc2 Re8 17. Rc1 Qd6 18. Rd1 Qf8 19. Bxb7 Bxb7 20.
Rdxd7 Bxf3 21. gxf3 Rec8 22. Rxc8 Rxc8 23. Rc7 Ra8 24. Qc4 h6 25. Qd5 Rd8 26.
Qxe5 Rd1+ 27. Kg2 Qb8 28. Qe7 Qf8 29. Qxf8+ Kxf8 30. Rxa7 Rd2 31. b4 Rb2 32. a3
Rb3 33. Kg3 g6 34. h3 Kg7 35. h4 Kf6 36. Ra5 g5 37. hxg5+ hxg5 38. b5 Kg6 39.
Ra6+ f6 40. b6 g4 41. fxg4 Kg5 42. a4 f5 43. gxf5 Kxf5 44. a5 Ke4 45. Ra7 Kd5
46. b7 Kc6 47. a6 Kc7 48. Ra8 Kd7 49. b8=Q Rxb8 50. Rxb8 Kc7 51. a7 Kd7 52.
a8=Q Kc7 53. Kf4 Kd6 54. Qa5 Kd7 55. Rb6 Kc7 56. Qa7+ Kc8 57. Rb8# 1-0

[Event "Lansing (Apr)"]
[Site "?"]
[Date "1990.??.??"]
[Round "?"]
[White "McIntosh, S."]
[Black "June, Brian"]
[Result "0-1"]
[WhiteElo "1720"]
[BlackElo "1700"]
[PlyCount "30"]
[EventDate "1990.??.??"]

1. d4 c6 2. c4 d5 3. Nc3 Nf6 4. Nf3 e6 5. Bg5 Nbd7 6. cxd5 exd5 7. e3 Qa5 8.
Qc2 Ne4 9. Bd3 Ndf6 10. O-O Nxg5 11. Nxg5 h6 12. Nf3 Bd6 13. a3 Qc7 14. b4 Bg4
15. Nb5 cxb5 0-1

[Event "Lansing (Mini-Swiss.3/3)"]
[Site "?"]
[Date "1990.??.??"]
[Round "?"]
[White "McIntosh, S."]
[Black "Brattin, Brian"]
[Result "1/2-1/2"]
[WhiteElo "1730"]
[BlackElo "1915"]
[PlyCount "100"]
[EventDate "1990.??.??"]

{3/(3)} 1. d4 e6 2. c4 f5 3. g3 Nf6 4. Bg2 d5 5. Nf3 Be7 6. O-O O-O 7. Nbd2 Ne4
8. Ne5 Nd7 9. Ndf3 g5 10. Nxd7 Bxd7 11. Ne5 c6 12. f3 Nd6 13. Qc2 Be8 14. c5
Nf7 15. f4 g4 16. h4 gxh3 17. Bxh3 Nxe5 18. fxe5 Kh8 19. Bf4 Rg8 20. e3 h5 21.
Qh2 a5 22. Bg2 b6 23. cxb6 Qxb6 24. Bf3 Rg7 25. Qe2 Rh7 26. Kg2 Bf7 27. Rh1 h4
28. Rh3 Rg8 29. Rah1 Rgg7 30. Kf2 hxg3+ 31. Bxg3 c5 32. Rxh7+ Rxh7 33. Rxh7+
Kxh7 34. Qd2 Bg5 35. Qc3 f4 36. exf4 cxd4 37. Qc1 Bh6 38. b3 Bg6 39. Kg2 Be4
40. Qd2 Kg7 41. Bf2 Qb4 42. Qxb4 axb4 43. Bxe4 dxe4 44. Bxd4 Bxf4 45. Bc5 Bd2
46. Kf2 Kg6 47. Ke2 Bc3 48. Ke3 Kf5 49. Bd6 Be1 50. Ke2 Bc3 1/2-1/2

[Event "Lansing (MI Am/3/9)"]
[Site "?"]
[Date "1990.??.??"]
[Round "?"]
[White "McIntosh, S."]
[Black "Brattin, Brian"]
[Result "0-1"]
[WhiteElo "1720"]
[BlackElo "1885"]
[PlyCount "68"]
[EventDate "1990.??.??"]

{3/(9)} 1. d4 e6 2. c4 b6 3. Nf3 Bb7 4. e3 Nf6 5. Bd3 c5 6. Nc3 Be7 7. O-O Nc6
8. Re1 O-O 9. e4 Nb4 10. Bb1 d5 11. exd5 exd5 12. cxd5 Nbxd5 13. Nxd5 Bxd5 14.
dxc5 Bxc5 15. Bg5 Be7 16. Qd3 Be6 17. Qxd8 Rfxd8 18. Bf5 Bxf5 19. Rxe7 Rd6 20.
Rc1 Rad8 21. h3 h6 22. Bxf6 Rxf6 23. Rcc7 Bxh3 24. gxh3 Rxf3 25. Kg2 Rf6 26.
Rcd7 Rxd7 27. Rxd7 a5 28. Rb7 Kh7 29. f3 Kg6 30. Kg3 Kf5 31. Re7 g5 32. b3 Kg6
33. a3 Rf5 34. Rb7 Rb5 0-1

[Event "Detroit (RVO/2)"]
[Site "?"]
[Date "1990.??.??"]
[Round "?"]
[White "McGinniss, M."]
[Black "Wright, William"]
[Result "0-1"]
[WhiteElo "1605"]
[BlackElo "1965"]
[PlyCount "104"]
[EventDate "1990.??.??"]

1. e4 e6 2. Nf3 d5 3. exd5 exd5 4. Be2 Bd6 5. d4 Nf6 6. O-O O-O 7. Bd3 Bg4 8.
h3 Bh5 9. Bg5 Nbd7 10. Nbd2 c6 11. c3 Qc7 12. Qc2 Bg6 13. Nh4 Bxd3 14. Qxd3
Bh2+ 15. Kh1 Bf4 16. Bxf4 Qxf4 17. Nhf3 Rfe8 18. Rae1 Ne4 19. g3 Nxf2+ 20. Kg2
Nxd3 21. Rxe8+ Rxe8 22. gxf4 Nxf4+ 23. Kg3 Nh5+ 24. Kf2 g6 25. h4 f5 26. c4
Nhf6 27. cxd5 Nxd5 28. Re1 Rxe1 29. Kxe1 h6 30. Kf2 Kg7 31. Nc4 b6 32. Kg3 c5
33. dxc5 Nxc5 34. Nce5 Nb4 35. a3 Nbd3 36. Nc6 Nxb2 37. Nxa7 Nc4 38. Nb5 Kf6
39. Kf4 g5+ 40. hxg5+ hxg5+ 41. Kg3 Ne4+ 42. Kg2 Ned2 43. Nfd4 Nb1 44. Nc2 Ke5
45. Kf3 g4+ 46. Kg3 Nbd2 47. Nc3 Ne4+ 48. Nxe4 Kxe4 49. Kh4 f4 50. Ne1 g3 51.
Kg4 Ne3+ 52. Kh3 b5 0-1

[Event "Detroit (MOR/3/6)"]
[Site "?"]
[Date "1990.??.??"]
[Round "?"]
[White "McGinniss, M."]
[Black "Steverson, Bunnard"]
[Result "0-1"]
[WhiteElo "1605"]
[BlackElo "1735"]
[PlyCount "84"]
[EventDate "1990.??.??"]

{3/(6)} 1. c4 c5 2. Nc3 Nf6 3. g3 e6 4. e4 Nc6 5. Bg2 d6 6. Nge2 Be7 7. O-O a6
8. d4 cxd4 9. Nxd4 O-O 10. Nxc6 bxc6 11. e5 dxe5 12. Bxc6 Rb8 13. Qe2 Qc7 14.
Bg2 Bb7 15. Bxb7 Rxb7 16. b3 Qa5 17. Bb2 Bc5 18. Ne4 Nd7 19. Bc3 Bb4 20. a3
Bxc3 21. b4 Bxb4 22. axb4 Qb6 23. c5 Qc7 24. Rxa6 Rxb4 25. c6 Nb8 26. Raa1 Qxc6
27. Rfe1 f5 28. Ng5 h6 29. Qxe5 hxg5 30. Rac1 Rc4 31. Rxc4 Qxc4 32. Qxe6+ Qxe6
33. Rxe6 Nd7 34. Kg2 Kf7 35. Rc6 Nf6 36. Rc7+ Kg6 37. h3 Rd8 38. Rc2 Ne4 39. g4
f4 40. Re2 Rd4 41. Kf3 Nd2+ 42. Kg2 f3+ 0-1

[Event "Detroit (MOR/5/34)"]
[Site "?"]
[Date "1990.??.??"]
[Round "?"]
[White "McGinniss, M."]
[Black "Royster, H."]
[Result "1-0"]
[WhiteElo "1605"]
[BlackElo "1605"]
[PlyCount "121"]
[EventDate "1990.??.??"]

{5/(34)} 1. e4 e5 2. Nf3 Nc6 3. Bc4 Nf6 4. d3 Bc5 5. a3 O-O 6. Nc3 a6 7. Bg5
Be7 8. O-O d6 9. h3 Nh5 10. Bxe7 Nxe7 11. Nxe5 Nf4 12. Nxf7 Rxf7 13. Bxf7+ Kxf7
14. Qf3 Neg6 15. g3 Qf6 16. gxf4 Nxf4 17. Kh1 Qh6 18. Ne2 Qxh3+ 19. Qxh3 Nxh3
20. f4 g6 21. Kh2 Bd7 22. Rf3 Bg4 23. Rxh3 Bxh3 24. Kxh3 Rf8 25. Rf1 Ke6 26.
Ng3 d5 27. e5 h5 28. d4 b6 29. Kh4 c5 30. c3 a5 31. Kg5 Rh8 32. f5+ gxf5 33.
Nxf5 Rg8+ 34. Kxh5 cxd4 35. Nxd4+ Kxe5 36. Rf5+ Ke4 37. Rg5 Rh8+ 38. Kg6 Rg8+
39. Kf6 Rf8+ 40. Ke6 Re8+ 41. Kd6 Rd8+ 42. Kc6 b5 43. Nxb5 Rh8 44. Rg2 Kf3 45.
Rc2 d4 46. Nxd4+ Ke3 47. Kb5 Rh5+ 48. Ka4 Kd3 49. Rg2 Kc4 50. Nc6 Kc5 51. Nxa5
Rh4+ 52. b4+ Kb6 53. Rg6+ Kc7 54. c4 Rf4 55. Kb5 Kd7 56. c5 Rf5 57. Kb6 Rf1 58.
c6+ Kd8 59. Rg8+ Ke7 60. c7 Rf6+ 61. Nc6+ 1-0

[Event "Detroit (RVO/5)"]
[Site "?"]
[Date "1990.??.??"]
[Round "?"]
[White "McGinniss, M."]
[Black "Pope, Nick"]
[Result "1/2-1/2"]
[WhiteElo "1605"]
[BlackElo "1605"]
[PlyCount "86"]
[EventDate "1990.??.??"]

1. e4 d5 2. exd5 Nf6 3. c4 c6 4. dxc6 Nxc6 5. Nc3 e5 6. h3 Bc5 7. d3 Qb6 8. Qd2
Bb4 9. a3 Bxc3 10. Qxc3 O-O 11. Be3 Nd4 12. Be2 Rd8 13. Nf3 Nxf3+ 14. Bxf3 Qd6
15. O-O-O Bf5 16. c5 Qe6 17. g4 Bg6 18. Bxb7 Rab8 19. c6 Nd5 20. Qb3 Qxc6+ 21.
Bxc6 Rxb3 22. Bxd5 Rxd5 23. Bxa7 Rdxd3 24. Rxd3 Rxd3 25. Rd1 Rxd1+ 26. Kxd1 Kf8
27. Kd2 Be4 28. Ke3 Bd5 29. b4 Ke8 30. Bb8 f6 31. f4 exf4+ 32. Kxf4 g6 33. b5
Kd7 34. b6 Bb3 35. h4 Ba4 36. g5 fxg5+ 37. Kxg5 Bc2 38. Kh6 Kc6 39. Bc7 Kd7 40.
a4 Bxa4 41. Kxh7 Bc2 42. Kg7 Kc8 43. Kf6 Kb7 1/2-1/2

[Event "Detroit (MOR/7/22)"]
[Site "?"]
[Date "1990.??.??"]
[Round "?"]
[White "McGinniss, M."]
[Black "Garant, B."]
[Result "1-0"]
[WhiteElo "1605"]
[BlackElo "1605"]
[PlyCount "123"]
[EventDate "1990.??.??"]

{7/(22)} 1. e4 Nc6 2. d4 e6 3. Nf3 d5 4. e5 Be7 5. Bb5 Bd7 6. c3 a6 7. Bd3 f6
8. Qc2 Na7 9. Bxh7 f5 10. Bxg8 Rxg8 11. h4 Rh8 12. Ng5 c6 13. Be3 Qb6 14. Nd2
Rg8 15. Qb3 Qxb3 16. Nxb3 O-O-O 17. a4 Rdf8 18. g3 Kb8 19. Nd2 Rc8 20. b4 Rh8
21. Ndf3 b5 22. a5 Rcf8 23. Ke2 Rh5 24. Nh3 Rhh8 25. Nf4 Re8 26. Ng6 Rh5 27.
Nxe7 Rxe7 28. Rag1 Be8 29. Ng5 Rh8 30. f3 Nc8 31. Nh3 Bg6 32. Nf4 Be8 33. g4 g5
34. hxg5 Rxh1 35. Rxh1 fxg4 36. fxg4 Rg7 37. Nxe6 Rg6 38. Rh6 Ne7 39. Nc5 Rxh6
40. gxh6 Ka7 41. g5 Bg6 42. Nd7 Kb7 43. Nf6 Kc7 44. h7 Bxh7 45. Nxh7 Kd7 46.
Nf6+ Ke6 47. Kf3 Kf5 48. Bd2 Ng6 49. Kg3 Ne7 50. Kh4 Kg6 51. Kg4 Nf5 52. Ne8
Ne7 53. e6 Kh7 54. Bf4 Kg8 55. Bd6 Kf8 56. Nf6 Kg7 57. Bxe7 Kg6 58. Bd6 Kg7 59.
e7 c5 60. bxc5 Kg6 61. e8=Q+ Kg7 62. Qg8# 1-0

[Event "Detroit (MOR/2/11)"]
[Site "?"]
[Date "1990.??.??"]
[Round "?"]
[White "McGinniss, M."]
[Black "Burwell, Raymond"]
[Result "1-0"]
[WhiteElo "1605"]
[BlackElo "1740"]
[PlyCount "65"]
[EventDate "1990.??.??"]

{2/(11)} 1. c4 Nf6 2. Nc3 g6 3. g3 Bg7 4. Bg2 O-O 5. d4 c6 6. Nf3 d5 7. cxd5
cxd5 8. O-O Nc6 9. Bf4 a6 10. Qd2 Re8 11. Bh6 Bh8 12. Rac1 Bf5 13. Nh4 Be6 14.
h3 Qd7 15. Kh2 Ne4 16. Nxe4 dxe4 17. a3 Bf6 18. f4 Bxh4 19. gxh4 Bf5 20. Rfd1
Red8 21. e3 e5 22. Bg5 Rdc8 23. dxe5 Qe6 24. Qd6 Qb3 25. Bh6 Be6 26. Rxc6 bxc6
27. Qe7 Qxe3 28. Rf1 Qc5 29. Qxc5 Rc7 30. Bxe4 Rb8 31. Rf2 f6 32. Qd6 Rb3 33.
Qf8# 1-0

[Event "Detroit (RVO/1)"]
[Site "?"]
[Date "1990.??.??"]
[Round "?"]
[White "McGinniss, M."]
[Black "Brattin, Vincent"]
[Result "1-0"]
[WhiteElo "1605"]
[BlackElo "1930"]
[PlyCount "79"]
[EventDate "1990.??.??"]

1. e4 c6 2. Nc3 d5 3. exd5 cxd5 4. Bb5+ Bd7 5. Bxd7+ Qxd7 6. d3 Nc6 7. Nf3 Nf6
8. Qe2 e6 9. O-O Be7 10. Bf4 O-O 11. Ne5 Nxe5 12. Bxe5 Ne8 13. a4 f6 14. Bg3 g6
15. Rfe1 Ng7 16. d4 a6 17. h4 Kf7 18. Nd1 Rac8 19. Ne3 Bd6 20. Bxd6 Qxd6 21. c3
Rfe8 22. Qf3 Nf5 23. Nxf5 exf5 24. g3 Re4 25. Rxe4 fxe4 26. Qe3 Kg7 27. f4 Qb6
28. b4 Rc4 29. a5 Qc6 30. Ra3 Qe6 31. Kg2 Rc7 32. Kh2 Qg4 33. Ra1 h6 34. Kg2 g5
35. hxg5 hxg5 36. fxg5 fxg5 37. Rf1 Rc6 38. Qf2 Qe6 39. Qf8+ Kg6 40. Rh1 1-0

[Event "Detroit (MOR/3/23)"]
[Site "?"]
[Date "1990.??.??"]
[Round "?"]
[White "McGee, T."]
[Black "Serwatowski, Felix"]
[Result "1-0"]
[WhiteElo "1750"]
[BlackElo "1605"]
[PlyCount "88"]
[EventDate "1990.??.??"]

{3/(23)} 1. e4 g6 2. f4 Bg7 3. Bc4 e6 4. Bb3 Qh4+ 5. g3 Qe7 6. e5 Nc6 7. c3 b6
8. Nf3 Nh6 9. d4 Ba6 10. Be3 Nf5 11. Bf2 Na5 12. Bc2 c5 13. d5 exd5 14. Bxf5
gxf5 15. Qxd5 Bb7 16. Qd3 Be4 17. Qe2 O-O 18. Nbd2 Bd5 19. Qd3 Be6 20. Rd1 f6
21. O-O Rad8 22. Rfe1 c4 23. Qc2 d6 24. exd6 Rxd6 25. Qxf5 Qf7 26. Qe4 Rfd8 27.
f5 Bd5 28. Qe2 Nc6 29. Bd4 b5 30. Ne4 Bxe4 31. Qxe4 Ne5 32. a3 a6 33. Kg2 Re8
34. Nxe5 fxe5 35. Bc5 Rxd1 36. Rxd1 Qh5 37. g4 Qf7 38. Rd6 Qc7 39. Qd5+ Qf7 40.
Qc6 Bf8 41. Rd7 Be7 42. Qxa6 Qg7 43. Qe6+ Kf8 44. Bxe7+ Rxe7 1-0

[Event "Detroit (MOR/1a/31)"]
[Site "?"]
[Date "1990.??.??"]
[Round "?"]
[White "McGee, T."]
[Black "Grossman, Jay"]
[Result "0-1"]
[WhiteElo "1750"]
[BlackElo "1605"]
[PlyCount "50"]
[EventDate "1990.??.??"]

1. e4 c5 2. d4 cxd4 3. Nf3 d6 4. Nxd4 Nf6 5. Nc3 a6 6. f4 Qc7 7. f5 Nc6 8. Bg5
Qb6 9. Nb3 e6 10. Bxf6 gxf6 11. Qf3 Bd7 12. fxe6 fxe6 13. Qxf6 Rg8 14. Be2 Qe3
15. Rf1 Ne5 16. Nd4 Be7 17. Nxe6 Bxf6 18. Nc7+ Kd8 19. Rxf6 Rc8 20. N7d5 Qg1+
21. Bf1 Qxh2 22. O-O-O Nc4 23. Bxc4 Rxc4 24. Nb6 Rc6 25. Ncd5 Qxg2 0-1